Louis Pérouas, Pierre Robert (1589-1658). Un Magistrat du Dorat entre érudition et observation, avant-propos de Michel Cassan, Limoges, pulim, 119 p., 80 F. (notice n° 1628387)
[ vue normale ]
| 000 -LEADER | |
|---|---|
| fixed length control field | 00616cam a2200145 4500500 |
| 005 - DATE AND TIME OF LATEST TRANSACTION | |
| control field | 20260111094223.0 |
| 041 ## - LANGUAGE CODE | |
| Language code of text/sound track or separate title | fre |
| 042 ## - AUTHENTICATION CODE | |
| Authentication code | dc |
| 100 10 - MAIN ENTRY--PERSONAL NAME | |
| Personal name | Blanquie, Christophe |
| Relator term | author |
| 245 00 - TITLE STATEMENT | |
| Title | Louis Pérouas, Pierre Robert (1589-1658). Un Magistrat du Dorat entre érudition et observation, avant-propos de Michel Cassan, Limoges, pulim, 119 p., 80 F. |
| 260 ## - PUBLICATION, DISTRIBUTION, ETC. | |
| Date of publication, distribution, etc. | 2001.<br/> |
| 500 ## - GENERAL NOTE | |
| General note | 2 |
| 786 0# - DATA SOURCE ENTRY | |
| Note | Histoire & Sociétés Rurales | 16 | 2 | 2001-10-01 | p. 205n-268n | 1254-728X |
| 856 41 - ELECTRONIC LOCATION AND ACCESS | |
| Uniform Resource Identifier | <a href="https://shs.cairn.info/revue-histoire-et-societes-rurales-2001-2-page-205n?lang=fr&redirect-ssocas=7080">https://shs.cairn.info/revue-histoire-et-societes-rurales-2001-2-page-205n?lang=fr&redirect-ssocas=7080</a> |
Pas d'exemplaire disponible.




Réseaux sociaux